| 000 | 00757nam a2200229 u 4500 | ||
|---|---|---|---|
| 005 | 20240314063653.0 | ||
| 008 | 170208s2009 mx r 000 0 spa d | ||
| 020 | _a9786071103178 | ||
| 035 | _aUPN01000215851 | ||
| 049 | _aI | ||
| 050 | 4 |
_aPZ10.3 _bM5.4 |
|
| 100 | 1 |
_aMinarik, Else Holmelund, _d1920-2012 _940056 |
|
| 245 | 1 | 3 |
_aUn beso para osito / _cElse Holmelund Minarik ; il. Maurice Sendak ; tr. María Puncel. |
| 260 |
_aMéxico : _bAlfaguara, _c2009. |
||
| 300 |
_a34 p. : _bil. col. |
||
| 440 | 0 |
_aAlfaguara infantil. _pDesde 6 años |
|
| 534 |
_pTítulo original: _tA kiss for little bear |
||
| 650 | 4 |
_aCuentos infantiles estadounidenses _910762 |
|
| 650 | 0 |
_aAnimales _vCuentos y leyendas _9234 |
|
| 905 | _aInfantil | ||
| 999 |
_c187951 _d187951 |
||